| 000 | 00638nam a2200193 a 4500 | ||
|---|---|---|---|
| 001 | 000021531 | ||
| 005 | 20200930011346.0 | ||
| 008 | 100908s2002 mx ac r 000 f spa d | ||
| 020 | _a970187935X | ||
| 040 |
_aDO-SdBNP _bspa _cBNPHU |
||
| 082 |
_aM863.44 _bR175m |
||
| 100 | 1 |
_aRamos Villalobos, Roxana Guadalupe, _944893 |
|
| 245 | 1 | 0 |
_aMás allá de los pasos de Nellie Campobello / _cRoxana Guadalupe Ramos Villalobos. |
| 260 |
_aMéxico : _bInstituto Politécnico Nacional, _c2002. |
||
| 300 |
_a214 p. ; _cil., retrs. : _c21 cm. |
||
| 650 | 4 |
_aNovela mexicana _93959 |
|
| 650 | 4 |
_aLiteratura mexicana _ySIGLO XX _99216 |
|
| 049 | _aBNGR | ||
| 999 |
_c21031 _d21031 |
||